Sweden : Financial Sector Assessment Program Update: Detailed Assessment of Observance on IOSCO Principles and Objectives of Securities Regulation.

This paper provides an assessment of the level of implementation of the International Organization of Securities Commissions (IOSCO) Principles in Sweden's securities market. The assessment has identified several significant weaknesses in the scope and effectiveness of securities market regulat...

Szczegółowa specyfikacja

Opis bibliograficzny
Korporacja: International Monetary Fund
Format: Czasopismo
Język:English
Wydane: Washington, D.C. : International Monetary Fund, 2011.
Seria:IMF Staff Country Reports; Country Report ; No. 2011/283
Dostęp online:Full text available on IMF
LEADER 01770cas a2200241 a 4500
001 AALejournalIMF011290
008 230101c9999 xx r poo 0 0eng d
020 |c 5.00 USD 
020 |z 9781463903541 
022 |a 1934-7685 
040 |a BD-DhAAL  |c BD-DhAAL 
110 2 |a International Monetary Fund. 
245 1 0 |a Sweden :   |b Financial Sector Assessment Program Update: Detailed Assessment of Observance on IOSCO Principles and Objectives of Securities Regulation. 
264 1 |a Washington, D.C. :  |b International Monetary Fund,  |c 2011. 
300 |a 1 online resource (82 pages) 
490 1 |a IMF Staff Country Reports 
500 |a <strong>Off-Campus Access:</strong> No User ID or Password Required 
500 |a <strong>On-Campus Access:</strong> No User ID or Password Required 
506 |a Electronic access restricted to authorized BRAC University faculty, staff and students 
520 3 |a This paper provides an assessment of the level of implementation of the International Organization of Securities Commissions (IOSCO) Principles in Sweden's securities market. The assessment has identified several significant weaknesses in the scope and effectiveness of securities market regulation. The Executive Board recommends licensing of insurance intermediaries under the Securities Market Act (SMA). The government should also reconsider its policy of attaching specific short-term project requirements to parliament's annual budget allocation for Finansinspektionen (FI) initially and during the course of the financial year. 
538 |a Mode of access: Internet 
830 0 |a IMF Staff Country Reports; Country Report ;  |v No. 2011/283 
856 4 0 |z Full text available on IMF  |u http://elibrary.imf.org/view/journals/002/2011/283/002.2011.issue-283-en.xml  |z IMF e-Library